Applied regression analysis

Αποθηκεύτηκε σε:
Λεπτομέρειες βιβλιογραφικής εγγραφής
Κύριος συγγραφέας: Draper, Norman Richard
Άλλοι συγγραφείς: Smith, Harry, 1923-2012
Μορφή: Βιβλίο
Γλώσσα:English
Δημοσίευση: New York : Wiley, c1981.
Έκδοση:2nd ed.
Σειρά:Wiley series in probability and mathematical statistics
Θέματα:
Ετικέτες: Προσθήκη ετικέτας
Δεν υπάρχουν, Καταχωρήστε ετικέτα πρώτοι!

MARC

LEADER 00000cam a2200000 i 4500
001 1/78271
008 931001s1981 nyu| ||| |||| ||eng||
020 |a 0471029955 
035 |a 1992  |b 1  |c Βιβλιοθήκη  |l 10032880 
035 |1 ΕΛΗ  |a 1995  |b 1807  |c ΚΥΡΙΑΚΙΔΗΣ 
035 |a ΛΕΣΒΟΣb10001421 
040 |a GR-MyUa  |b gre  |e AACR2 
041 0 |a eng 
082 7 |a 519.536   |2 (22) 
100 1 |a Draper, Norman Richard. 
245 1 0 |a Applied regression analysis /   |c N.R. Draper and H. Smith. 
250 |a 2nd ed. 
260 |a New York :   |b Wiley,   |c c1981. 
300 |a xiv, 709 σ. :   |b εικ. ;   |c 24 εκ. 
490 1 |a (Wiley series in probability and mathematical statistics) 
504 |a Περιλαμβάνει βιβλιογραφίες και περιεχόμενα. 
650 0 |a Regression analysis. 
700 1 |a Smith, Harry,   |d 1923-2012. 
767 0 8 |i Μεταφρασμένο ως:   |t Εφαρμοσμένη ανάλυση παλινδρόμησης /  
830 0 |a Wiley series in probability and mathematical statistics 
852 |a INST  |b CHIOS  |e 19960215  |h 519.536 DRA  |p 005200002447  |q 005200002447  |t BK  |y 0 
852 |a INST  |b CHIOS  |e 19950731  |h 519.536 DRA  |p 005200002974  |q 005200002974  |t BK  |y 0 
852 |a INST  |b LESVOS  |e 19931001  |h 519.536 DRA  |p 005100006023  |q 005100006023  |t BK  |y 0 
852 |a INST  |b RHODES  |e 19980826  |h 519.536 DRA  |p 005400001696  |q 005400001696  |t BK  |y 0 
852 |a INST  |b SAMOS  |e 19950720  |h 519.536 DRA  |p 005300009685  |q 005300009685  |t BK  |y 0